000 00392nam a22001577a 4500
003 LK-CoDNM
005 20240815093422.0
008 240815b |||||||| |||| 00| 0 eng d
040 _aLK-CoDNM
_dLK-CoDNM
_eLK-CoDNM
080 _a10
_bJ2
100 _aRodgers,Chas,J
245 _aCoins of the indian museum
260 _bcalcutta
_c1893
300 _aiv, 172p. : ill ; 26 cm
942 _cBK
999 _c147790
_d147790